000 00851nam a2200229 4500
001 144335
003 ES-MaACL
005 20250811030347.0
007 t|
008 070214s1976 sp r ||||1| spa d
020 _a84-400-1440-6
100 1 _aRogel Vide, Carlos.
_998924
245 1 0 _aSinopsis del Código civil /
_cpor Carlos Rogel Vide y Gerardo Vázquez Ruiz del Árbol.
260 _aMadrid :
_bUniversidad Autónoma, Departamento de Derecho Civil,
_c1976 (
_eZaragoza :
_fCometa)
300 _a68 p. ;
_c24 cm.
610 1 4 _aEspaña.
_tCódigo civil, 1889
_93628
650 0 4 _aDerecho civil-
_zEspaña-
_vLegislación
_911663
700 1 _aVázquez Ruiz del Arbol, Gerardo.
_9113481
710 2 _aUniversidad Autónoma de Madrid.
_bDepartamento de Derecho Civil.
_97064
852 _aES-MaACL
_jA-6459
999 _c144335
_d144335